Valeur des pièces d’echec - Statistiques

Statistiques générales
  • Ce quiz a été pris 68 fois
    48 depuis la dernière actualisation
  • Le résultat moyen est 5 sur 5
Statistiques - réponses
Hint Réponse % Correct
Pion 1
98%
Tour 5
98%
Dame 9
95%
Fou 3
93%
Cavalier 3
93%
Aucun quiz correspondant
Distribution des résultats
% des personnes avec chaque résultat
Percentile par nombre de réponses
Votre historique - résultats
Vous n’avez pas pris ce quiz depuis la dernière actualisation